| 000 | 02454nam a2200373 4500 | ||
|---|---|---|---|
| 001 | 75 | ||
| 003 | OSt | ||
| 005 | 20250528074011.0 | ||
| 008 | 250123b |||||||g |||| 00| 1 eng d | ||
| 020 | _a8575421131 | ||
| 040 | _bpor | ||
| 041 |
_heng _apor |
||
| 082 |
_a813 _bB877c |
||
| 100 | 1 |
_aBrown, Dan, _d1964- _9179 |
|
| 240 | _aThe Da Vinci code | ||
| 245 |
_aO código Da Vinci / _cBrown, Dan ; Tradução de Celina Cavalcante Falck-Cook |
||
| 260 |
_aRio de Janeiro _bSextante _c2004 |
||
| 300 | _a479 p. | ||
| 490 | 1 |
_aSaga Robert Langdon _vLivro 02 |
|
| 500 | _aO código Da Vinci Sequência de: Anjos e Demonios | ||
| 520 | _aUm assassinato dentro do Museu do Louvre, em Paris, traz à tona uma sinistra conspiração para revelar um segredo que foi protegido por uma sociedade secreta desde os tempos de Jesus Cristo. A vítima é o respeitado curador do museu, Jacques Saunière, um dos líderes dessa antiga fraternidade, o Priorado de Sião, que já teve como membros Leonardo da Vinci, Victor Hugo e Isaac Newton. Momentos antes de morrer, Saunière consegue deixar uma mensagem cifrada na cena do crime que apenas sua neta, a criptógrafa francesa Sophie Neveu, e Robert Langdon, um famoso simbologista de Harvard, podem desvendar. Os dois transformam-se em suspeitos e em detetives enquanto percorrem as ruas de Paris e de Londres tentando decifrar um intricado quebra-cabeças que pode lhes revelar um segredo milenar que envolve a Igreja Católica. Apenas alguns passos à frente das autoridades e do perigoso assassino, Sophie e Robert vão à procura de pistas ocultas nas obras de Da Vinci e se debruçam sobre alguns dos maiores mistérios da cultura ocidental - da natureza do sorriso da Mona Lisa ao significado do Santo Graal. Mesclando com perfeição os ingredientes de uma envolvente história de suspense com informações sobre obras de arte, documentos e rituais secretos, Dan Brown consagrou-se como um dos autores mais brilhantes da atualidade. "O Código da Vinci" prende o leitor da primeira à última página. | ||
| 650 | 0 |
_aLiteratura Americana _984 |
|
| 650 | 0 |
_aSuspense _910 |
|
| 650 | 0 |
_aMistério _942 |
|
| 650 | 0 |
_aAventura _947 |
|
| 650 | 0 |
_aHistórico _953 |
|
| 650 | 0 |
_aReligião _9100 |
|
| 650 | 0 |
_aFilme _926 |
|
| 655 | 0 |
_aRomance _923 |
|
| 655 | 0 |
_aFicção _922 |
|
| 700 |
_aCelina Cavalcante Falck-Cook _eTradutor _9183 |
||
| 830 |
_aSaga Robert Langdon _9181 _vLivro 02 |
||
| 942 |
_2ddc _n0 _cBK |
||
| 999 |
_c75 _d75 |
||